[Event "Hoorn Romero op"]
[Site "Hoorn"]
[Date "2023.09.03"]
[Round "5"]
[White "Bakija, Alan"]
[Black "Van Liempt, Michael"]
[Result "1/2-1/2"]
[WhiteElo "2132"]
[BlackElo "2139"]
[PlyCount "182"]
[EventDate "2023.09.01"]
[EventType "swiss"]
[EventRounds "6"]
[EventCountry "NED"]
[SourceTitle "EXT 2024"]
[Source "ChessBase"]
[SourceDate "2023.10.10"]
[SourceVersion "1"]
[SourceVersionDate "2023.10.10"]
[SourceQuality "1"]

1. c4 e5 2. g3 Nc6 3. Bg2 f5 4. b3 Nf6 5. Nc3 d6 6. Bb2 Be7 7. d3 0-0 8. e3 f4 9. exf4 exf4 10. Qd2 Ng4 11. gxf4 Nxf2 12. Kxf2 Bh4+ 13. Kf1 Ne5 14. Nf3 Bg4 15. Qe3 Ng6 16. Ne2 Re8 17. Qd2 Qd7 18. Bd4 Bh3 19. Neg1 Bg4 20. Nxh4 Nxh4 21. h3 Bh5 22. Bf2 Nxg2 23. Kxg2 Qc6+ 24. Kh2 Re6 25. Re1 Rae8 26. Rxe6 Rxe6 27. Be3 Qe8 28. Bf2 Qc6 29. Bg3 Qe8 30. Bf2 c5 31. h4 Qe7 32. Nh3 Bf3 33. Re1 Rxe1 34. Qxe1 Qd7 35. Ng5 Bg4 36. Qe3 h6 37. Ne4 b6 38. Nc3 Qf7 39. Nd5 Be6 40. Qe4 Kh8 41. Be1 Bf5 42. Qe3 Kh7 43. Bc3 Qh5 44. Qg3 Bg6 45. Qf2 Bxd3 46. Bxg7 Kxg7 47. Qg3+ Bg6 48. Qc3+ Kf7 49. Qf6+ Kg8 50. Qd8+ Kg7 51. Qe7+ Bf7 52. Qf6+ Kh7 53. Qe7 Kg7 54. Qf6+ Kh7 55. Qxd6 Qxh4+ 56. Kg2 Qg4+ 57. Kf2 Qf5 58. Ne3 Qb1 59. Qd2 Qe4 60. Ng4 Qf5 61. Ne5 Be6 62. Ke3 Qh3+ 63. Ke4 Qf5+ 64. Ke3 h5 65. Nf3 Bf7 66. Ng5+ Kg7 67. Qg2 Bg6 68. Qb7+ Kh6 69. Qd5 Qb1 70. Nf3 Qc1+ 71. Nd2 Qe1+ 72. Kf3 Qh1+ 73. Kf2 Qh2+ 74. Ke3 Qg1+ 75. Ke2 h4 76. Nf3 Qg4 77. Ke3 h3 78. Qg8 Qf5 79. Qh8+ Bh7 80. Qe8 Qd3+ 81. Kf2 Qc2+ 82. Ke3 Qc1+ 83. Kf2 Qb2+ 84. Ke3 Qc1+ 85. Kf2 Qxf4 86. Qe6+ Kg7 87. Qxh3 Bf5 88. Qg2+ Kf8 89. Qh1 Bg6 90. Qh8+ Ke7 91. Qg7+ Bf7 1/2-1/2

[Event "Vlissingen HZ op 23rd"]
[Site "Vlissingen"]
[Date "2019.08.10"]
[Round "9"]
[White "Van Liempt, Michael"]
[Black "Van Haaften, Maarten"]
[Result "1-0"]
[WhiteElo "2091"]
[BlackElo "1870"]
[PlyCount "67"]
[EventDate "2019.08.03"]
[EventType "swiss"]
[EventRounds "9"]
[EventCountry "NED"]
[SourceTitle "CBM 191 Extra"]
[Source "ChessBase"]
[SourceDate "2019.09.30"]
[SourceVersion "1"]
[SourceVersionDate "2019.09.30"]
[SourceQuality "1"]

1. e4 c5 2. Nc3 a6 3. a4 e6 4. f4 Nc6 5. Nf3 d5 6. d3 Nf6 7. g3 Rb8 8. Bg2 dxe4 9. Nxe4 Be7 10. 0-0 0-0 11. Nf2 Qc7 12. Re1 b5 13. Bd2 Bb7 14. g4 Rfd8 15. axb5 axb5 16. g5 Nd7 17. Ng4 Nb6 18. Qe2 Bd6 19. Nge5 Bf8 20. Bh3 Kh8 21. g6 Nxe5 22. Nxe5 hxg6 23. Qg4 c4 24. Nxf7+ Kg8 25. Nxd8 Bc5+ 26. Be3 Rxd8 27. Qxg6 Bxe3+ 28. Rxe3 Nd5 29. Bxe6+ Kf8 30. Bxd5 Bxd5 31. Qf5+ Kg8 32. Qe5 Qc5 33. d4 Qb6 34. Rg3 1-0

[Event "Vlissingen HZ op 23rd"]
[Site "Vlissingen"]
[Date "2019.08.08"]
[Round "7"]
[White "Van Liempt, Michael"]
[Black "Boecker, Juergen"]
[Result "1/2-1/2"]
[WhiteElo "2091"]
[BlackElo "1858"]
[PlyCount "41"]
[EventDate "2019.08.03"]
[EventType "swiss"]
[EventRounds "9"]
[EventCountry "NED"]
[SourceTitle "CBM 191 Extra"]
[Source "ChessBase"]
[SourceDate "2019.09.30"]
[SourceVersion "1"]
[SourceVersionDate "2019.09.30"]
[SourceQuality "1"]

1. e4 e5 2. Nf3 Nf6 3. Nxe5 d6 4. Nf3 Nxe4 5. Nc3 Nxc3 6. dxc3 Be7 7. Be3 Nc6 8. Qd2 Be6 9. Nd4 Qd7 10. Bd3 Bf6 11. 0-0 Ne5 12. Bb5 c6 13. Nxe6 Qxe6 14. Be2 0-0 15. Rfe1 Rfd8 16. Bg5 Bxg5 17. Qxg5 Qg6 18. Qd2 d5 19. Rad1 Re8 20. b3 Qf6 21. h3 1/2-1/2

[Event "Vlissingen HZ op 23rd"]
[Site "Vlissingen"]
[Date "2019.08.07"]
[Round "6"]
[White "Cordes, Hans Joerg"]
[Black "Van Liempt, Michael"]
[Result "1-0"]
[WhiteElo "2178"]
[BlackElo "2091"]
[PlyCount "67"]
[EventDate "2019.08.03"]
[EventType "swiss"]
[EventRounds "9"]
[EventCountry "NED"]
[SourceTitle "CBM 191 Extra"]
[Source "ChessBase"]
[SourceDate "2019.09.30"]
[SourceVersion "1"]
[SourceVersionDate "2019.09.30"]
[SourceQuality "1"]

1. d4 Nf6 2. c4 e6 3. Nc3 Bb4 4. e3 b6 5. Nge2 Ba6 6. a3 Bxc3+ 7. Nxc3 d5 8. Qf3 c6 9. b3 Nbd7 10. Bb2 Rc8 11. g4 Bb7 12. g5 Ng8 13. cxd5 cxd5 14. Nb5 Rc2 15. Bc3 Rxc3 16. Nxc3 a6 17. h4 Ne7 18. Bd3 e5 19. Qe2 e4 20. Bc2 Qc7 21. Kd2 0-0 22. Rac1 Qd6 23. b4 f5 24. f4 exf3 25. Qxf3 b5 26. Qf4 Qe6 27. Rhf1 g6 28. Bb3 Nc8 29. Qc7 Ba8 30. Ne2 Re8 31. Rc3 Nd6 32. Nf4 Ne4+ 33. Kc2 Qf7 34. Rc6 1-0

[Event "Vlissingen HZ op 22nd"]
[Site "Vlissingen"]
[Date "2018.08.08"]
[Round "6"]
[White "Vedder, Richard"]
[Black "Van Liempt, Michael"]
[Result "1-0"]
[WhiteElo "2284"]
[BlackElo "2068"]
[PlyCount "109"]
[EventDate "2018.08.04"]
[EventType "swiss"]
[EventRounds "9"]
[EventCountry "NED"]
[SourceTitle "CBM 185 Extra"]
[Source "ChessBase"]
[SourceDate "2018.07.29"]
[SourceVersion "1"]
[SourceVersionDate "2018.07.29"]
[SourceQuality "1"]

1. d4 Nf6 2. Nf3 e6 3. c4 Bb4+ 4. Bd2 Qe7 5. Nc3 0-0 6. Qc2 d6 7. a3 Bxc3 8. Bxc3 Nc6 9. e4 e5 10. dxe5 dxe5 11. 0-0-0 Bg4 12. Be2 Rfd8 13. h3 Bh5 14. g4 Bg6 15. Bd3 a5 16. Qe2 Rxd3 17. Rxd3 Nxe4 18. Re3 Nc5 19. Nxe5 Nxe5 20. Rxe5 Nd3+ 21. Qxd3 Qxe5 22. Bxe5 Bxd3 23. c5 b6 24. Rd1 Bb5 25. Bxc7 bxc5 26. Bxa5 h5 27. Bb6 hxg4 28. hxg4 Be2 29. Rd2 Bxg4 30. Bxc5 f6 31. b3 Ra5 32. Rc2 Kf7 33. Kb2 Bd1 34. Rc3 Rb5 35. a4 Ra5 36. Bb6 Rd5 37. a5 Be2 38. Ka3 g5 39. Bc5 f5 40. Ka4 Rd1 41. Re3 Bf1 42. Kb4 g4 43. Re7+ Kf6 44. Rh7 Be2 45. a6 Rd2 46. a7 Bf3 47. Kb5 f4 48. Rh8 Ra2 49. Bb6 Kf7 50. Rh4 Ke6 51. b4 Kf5 52. Rh8 Be4 53. Rf8+ Kg5 54. Bd8+ Kh5 55. Rxf4 1-0

[Event "Dieren op"]
[Site "Dieren"]
[Date "2014.07.30"]
[Round "8"]
[White "Van Liempt, Michael"]
[Black "Op den Dries, Johan"]
[Result "1/2-1/2"]
[WhiteElo "2016"]
[BlackElo "2098"]
[PlyCount "92"]
[EventDate "2014.07.22"]
[EventType "swiss"]
[EventRounds "9"]
[EventCountry "NED"]
[SourceTitle "CBM 161 Extra"]
[Source "ChessBase"]
[SourceDate "2014.08.29"]
[SourceVersion "1"]
[SourceVersionDate "2014.08.29"]
[SourceQuality "1"]

1. e4 d5 2. exd5 Nf6 3. d4 Nxd5 4. Nf3 g6 5. Be2 Bg7 6. 0-0 0-0 7. h3 Nc6 8. c4 Nb6 9. Be3 e5 10. d5 Ne7 11. Nc3 f5 12. Qd2 e4 13. Ne1 Nd7 14. Rc1 Ne5 15. f4 Nf7 16. b4 h6 17. g3 g5 18. Ng2 Ng6 19. Bh5 gxf4 20. Bxg6 fxe3 21. Bxf7+ Rxf7 22. Qxe3 Qg5 23. Ne2 Qxe3+ 24. Nxe3 Bd7 25. Kg2 b5 26. Rfd1 a5 27. cxb5 Bxb5 28. Nd4 Bxd4 29. Rxd4 axb4 30. Rxb4 Rxa2+ 31. Kg1 f4 32. gxf4 Rg7+ 33. Ng4 Be2 34. Rxe4 h5 35. Rxe2 Rxe2 36. Kf1 Rd2 37. Nf6+ Kh8 38. d6 Rxd6 39. Ne8 Rf7 40. Nxd6 Rxf4+ 41. Kg2 cxd6 42. Rd1 Rf6 43. Rd5 Rh6 44. Kg3 Kg7 45. Kh4 Kf7 46. Kg5 Re6 1/2-1/2

[Event "Dieren op"]
[Site "Dieren"]
[Date "2014.07.23"]
[Round "2"]
[White "Van Liempt, Michael"]
[Black "Go, Benjamin"]
[Result "0-1"]
[WhiteElo "2016"]
[BlackElo "2133"]
[PlyCount "56"]
[EventDate "2014.07.22"]
[EventType "swiss"]
[EventRounds "9"]
[EventCountry "NED"]
[SourceTitle "CBM 161 Extra"]
[Source "ChessBase"]
[SourceDate "2014.08.29"]
[SourceVersion "1"]
[SourceVersionDate "2014.08.29"]
[SourceQuality "1"]

1. e4 d6 2. d4 Nf6 3. Nc3 Nbd7 4. Nf3 e5 5. Be2 Be7 6. 0-0 0-0 7. h3 exd4 8. Qxd4 Re8 9. Bf4 Nc5 10. Bh2 Nfd7 11. Rad1 Bf6 12. e5 dxe5 13. Bxe5 Nxe5 14. Qxc5 Bd7 15. Nd5 Be6 16. Rfe1 Bxd5 17. Rxd5 Nxf3+ 18. gxf3 Qc8 19. Kg2 c6 20. Rd3 Re5 21. Qc4 b5 22. Qf4 Rg5+ 23. Kh1 Qxh3+ 24. Qh2 Qf5 25. f4 Rg6 26. Rh3 Re8 27. Rxh7 Qd5+ 28. f3 Qxf3+ 0-1

[Event "Maastricht Limburg op-A 8th"]
[Site "Maastricht"]
[Date "2014.06.07"]
[Round "2"]
[White "Weller, Manuel"]
[Black "Van Liempt, Michael"]
[Result "1-0"]
[WhiteElo "2200"]
[BlackElo "2008"]
[PlyCount "55"]
[EventDate "2014.06.06"]
[EventType "swiss"]
[EventRounds "7"]
[EventCountry "NED"]
[SourceTitle "CBM 160 Extra"]
[Source "ChessBase"]
[SourceDate "2014.07.01"]
[SourceVersion "1"]
[SourceVersionDate "2014.07.01"]
[SourceQuality "1"]

1. Nf3 c5 2. c4 Nc6 3. g3 g6 4. Bg2 Bg7 5. 0-0 d6 6. Nc3 Nf6 7. Re1 0-0 8. e4 e5 9. a3 a5 10. Rb1 Be6 11. Nd5 Nd4 12. Nxd4 Bxd5 13. cxd5 cxd4 14. b4 a4 15. d3 b5 16. Bh3 Nd7 17. Bd2 f5 18. f3 Rc8 19. Rc1 Nb8 20. Rc2 Qd7 21. Qb1 Rxc2 22. Qxc2 Rc8 23. Qb1 Kf7 24. Rc1 Na6 25. Rf1 Rf8 26. Qc2 Qc7 27. Qxc7+ Nxc7 28. Rc1 1-0

[Event "Dieren op"]
[Site "Dieren"]
[Date "2013.07.24"]
[Round "2"]
[White "Van Liempt, Michael"]
[Black "Pijpers, Arthur"]
[Result "0-1"]
[WhiteElo "1959"]
[BlackElo "2338"]
[PlyCount "22"]
[EventDate "2013.07.23"]
[EventType "swiss"]
[EventRounds "9"]
[EventCountry "NED"]
[SourceTitle "EXT 2015"]
[Source "ChessBase"]
[SourceDate "2014.11.20"]
[SourceVersion "1"]
[SourceVersionDate "2014.11.20"]
[SourceQuality "1"]

1. e4 c5 2. Nc3 Nc6 3. Bb5 Nd4 4. Bc4 e6 5. Nge2 Nf6 6. d3 d5 7. Nxd4 cxd4 8. Bb5+ Ke7 9. e5 dxc3 10. b3 Nd7 11. Qh5 Ke8 0-1

[Event "Delft Prinsenstad op-A"]
[Site "Delft"]
[Date "2012.04.07"]
[Round "3"]
[White "Legemaat, Gert"]
[Black "Van Liempt, Michael"]
[Result "1-0"]
[WhiteElo "2219"]
[BlackElo "1960"]
[PlyCount "145"]
[EventDate "2012.04.06"]
[EventType "swiss"]
[EventRounds "6"]
[EventCountry "NED"]
[SourceTitle "CBM 147 Extra"]
[Source "ChessBase"]
[SourceDate "2012.04.24"]
[SourceVersion "1"]
[SourceVersionDate "2012.04.24"]
[SourceQuality "1"]

1. e4 c5 2. Nc3 g6 3. Bc4 Nc6 4. a3 Bg7 5. Nge2 e6 6. d3 Nge7 7. Ba2 0-0 8. h4 h6 9. h5 g5 10. f4 f6 11. Be3 b6 12. d4 cxd4 13. Nxd4 Nxd4 14. Qxd4 Kh8 15. Qd2 Bb7 16. 0-0-0 Bc6 17. fxg5 fxg5 18. Bd4 Qc7 19. Nd5 exd5 20. exd5 Nxd5 21. Bxd5 Qf4 22. Bxg7+ Kxg7 23. Rhe1 Qf6 24. Bxc6 dxc6 25. Qd7+ Rf7 26. Qd3 Raf8 27. Kb1 Kh8 28. Qc4 c5 29. Re6 Qf4 30. Rxh6+ Kg7 31. Qe6 Qf5 32. Qg6+ Qxg6 33. Rxg6+ Kh7 34. Rxg5 Re8 35. b3 Re2 36. g4 Rff2 37. Rc1 Rg2 38. Rg6 Re4 39. g5 Re5 40. Rd1 Rgxg5 41. Rd7+ Kh8 42. Rc6 Rg1+ 43. Kb2 Rxh5 44. Rxa7 Rh2 45. Rc8+ Rg8 46. Raa8 Rxc8 47. Rxc8+ Kg7 48. Rc6 Kf7 49. Rxb6 Ke7 50. a4 Kd7 51. a5 Kc7 52. Kc3 Rh4 53. Rg6 Kb7 54. Kb2 Rf4 55. c4 Rh4 56. Ka3 Rh5 57. Ka4 Rf5 58. Kb5 Rf3 59. Rb6+ Ka7 60. Kxc5 Rf5+ 61. Kb4 Rf3 62. Ka4 Rf4 63. Kb5 Rf3 64. b4 Rh3 65. Rg6 Rh7 66. Ka4 Rh4 67. Rc6 Kb7 68. b5 Rh1 69. a6+ Ka7 70. Kb4 Rh4 71. Rc7+ Kb8 72. Rd7 Rh6 73. c5 1-0

[Event "Delft Prinsenstad op-A"]
[Site "Delft"]
[Date "2012.04.07"]
[Round "4"]
[White "Van Liempt, Michael"]
[Black "Haver, Bas"]
[Result "0-1"]
[WhiteElo "1960"]
[BlackElo "2004"]
[PlyCount "90"]
[EventDate "2012.04.06"]
[EventType "swiss"]
[EventRounds "6"]
[EventCountry "NED"]
[SourceTitle "CBM 147 Extra"]
[Source "ChessBase"]
[SourceDate "2012.04.24"]
[SourceVersion "1"]
[SourceVersionDate "2012.04.24"]
[SourceQuality "1"]

1. e4 c5 2. Nc3 Nc6 3. Bb5 g6 4. f4 Bg7 5. Nf3 Nd4 6. 0-0 Nxb5 7. Nxb5 d6 8. d3 f5 9. Qe1 Nf6 10. e5 dxe5 11. Qxe5 0-0 12. Qxc5 b6 13. Qc4+ Kh8 14. Nc7 Rb8 15. Ne6 Bxe6 16. Qxe6 Qc8 17. Qb3 Qc5+ 18. d4 Qd5 19. c3 Rb7 20. Re1 Rc8 21. Be3 e6 22. Bf2 Ne4 23. Rad1 Kg8 24. Nd2 Nxd2 25. Rxd2 Kf7 26. Rde2 Rc6 27. Bh4 Rd7 28. h3 h5 29. Bg5 a5 30. Qa4 Rc4 31. Qd1 Rc6 32. a3 b5 33. Re3 b4 34. axb4 axb4 35. Kh1 bxc3 36. bxc3 Rdc7 37. Qd2 Rc4 38. Rxe6 Rxc3 39. Re7+ Kg8 40. Rxc7 Rxh3+ 41. Kg1 Bxd4+ 42. Qf2 Bxf2+ 43. Kxf2 Qd4+ 44. Ke2 Re3+ 45. Kf1 Qd3+ 0-1

[Event "Enschede op-A U18"]
[Site "Enschede"]
[Date "2009.08.05"]
[Round "7"]
[White "Poelman, Geoffrey"]
[Black "Van Liempt, Michael"]
[Result "1-0"]
[WhiteElo "1798"]
[BlackElo "1865"]
[PlyCount "51"]
[EventDate "2009.08.03"]
[EventType "swiss"]
[EventRounds "9"]
[EventCountry "NED"]
[SourceTitle "CBM 132 Extra"]
[Source "ChessBase"]
[SourceDate "2009.11.03"]
[SourceVersion "1"]
[SourceVersionDate "2009.11.03"]
[SourceQuality "1"]

1. e4 c5 2. Nf3 g6 3. d4 cxd4 4. Qxd4 Nf6 5. e5 Nc6 6. Qa4 Nd5 7. Qe4 Nc7 8. Bf4 Ne6 9. Bc4 Bg7 10. Nc3 Nxf4 11. Qxf4 0-0 12. 0-0-0 Qa5 13. Rd5 Qb6 14. h4 Na5 15. Bd3 f6 16. Qg3 Nc6 17. h5 Nxe5 18. hxg6 Nxd3+ 19. Rxd3 h6 20. Nd5 Qd6 21. Qxd6 exd6 22. Ne7+ Kh8 23. Rxd6 f5 24. Ng5 Be5 25. Rxh6+ Kg7 26. Rh7# 1-0

[Event "Enschede op-A U18"]
[Site "Enschede"]
[Date "2009.08.04"]
[Round "3"]
[White "Corbijn Van Willenswaard, Lars J"]
[Black "Van Liempt, Michael"]
[Result "0-1"]
[WhiteElo "1301"]
[BlackElo "1865"]
[PlyCount "106"]
[EventDate "2009.08.03"]
[EventType "swiss"]
[EventRounds "9"]
[EventCountry "NED"]
[SourceTitle "CBM 132 Extra"]
[Source "ChessBase"]
[SourceDate "2009.11.03"]
[SourceVersion "1"]
[SourceVersionDate "2009.11.03"]
[SourceQuality "1"]

1. e4 c5 2. Nf3 g6 3. d4 cxd4 4. Nxd4 Nc6 5. Be3 Bg7 6. Bc4 Nf6 7. Nc3 0-0 8. f3 Qb6 9. Bb3 Nxe4 10. Na4 Qa5+ 11. c3 Nf6 12. 0-0 Nxd4 13. Bxd4 d6 14. c4 Be6 15. c5 Bxb3 16. Qxb3 d5 17. Rac1 e6 18. Nc3 Nd7 19. Bxg7 Kxg7 20. a3 Qxc5+ 21. Kh1 Qb6 22. Qa4 Ne5 23. Qc2 Rfc8 24. Qe2 Nc4 25. Nd1 Qd4 26. Rc2 Rc6 27. Nc3 Qe3 28. Nd1 Qxe2 29. Rxe2 Rac8 30. Rff2 Nd6 31. h3 Rc1 32. Rf1 R8c2 33. Ree1 Nc4 34. Kh2 Nxb2 35. Ne3 Rxe1 36. Rxe1 Rc3 37. Nf1 Nc4 38. Kg3 Rxa3 39. Nh2 a5 40. Ng4 a4 41. Nf2 b5 42. Rh1 b4 43. Rh2 Ra1 44. Kg4 a3 45. Kg3 b3 46. Kg4 a2 47. Kg3 Kg8 48. Kg4 Kg7 49. Kg3 h5 50. Kh4 Kh6 51. Kg3 Ne3 52. Kh4 g5+ 53. Kg3 Nf1# 0-1